Literatura alemana / (Record no. 78979)

MARC details
000 -LEADER
campo de control de longitud fija 00545nam a2200181 i 4500
001 - NÚMERO DE CONTROL
campo de control 78979
003 - IDENTIFICADOR DE NÚMERO DE CONTROL
campo de control ES-MaACL
005 - FECHA Y HORA DE LA ÚLTIMA TRANSACCIÓN
campo de control 20230906173852.0
007 - CAMPO FIJO DE DESCRIPCIÓN FÍSICA--INFORMACIÓN GENERAL
campo de control de longitud fija t|
008 - DATOS DE LONGITUD FIJA--INFORMACIÓN GENERAL
campo de control de longitud fija 041018s1920 sp ||||1| spa d
100 1# - ENTRADA PRINCIPAL--NOMBRE DE PERSONA
Nombre de persona Heine, Heinrich.
9 (RLIN) 62371
245 10 - MENCIÓN DEL TÍTULO
Título Literatura alemana /
Mención de responsabilidad, etc. Heinrich Hëine ; traducción de Mauricio Bacarisse.
260 ## - PUBLICACIÓN, DISTRIBUCIÓN, ETC.
Lugar de publicación, distribución, etc. Madrid :
Nombre del editor, distribuidor, etc. [s.n.,
Fecha de publicación, distribución, etc. 1920] (
Fabricante Imp. Ambos Mundos)
300 ## - DESCRIPCIÓN FÍSICA
Extensión 260 p. ;
Dimensiones 17 cm.
700 1# - ENTRADA AGREGADA--NOMBRE PERSONAL
Nombre de persona Bacarisse, Mauricio,
Fechas asociadas al nombre 1895-1931
9 (RLIN) 24439
852 ## - LOCALIZACIÓN
Ubicación ES-MaACL
Número de control de estantería F-2162
Holdings
Estatus retirado Estado de pérdida Estado de daño No para préstamo Biblioteca de origen Biblioteca actual Ubicación en estantería Fecha de adquisición Fuente de adquisición Total de préstamos Signatura topográfica completa Código de barras Visto por última vez Precio de reemplazo Tipo de ítem Koha
        Biblioteca del Ateneo de Madrid Biblioteca del Ateneo de Madrid Depósito 2 17/01/2008     F-2162 1082597 23/02/2023 23/02/2023 Libro impreso